00676 2200217 4500001002100000005001500021035002000036245009900056100003300155250001400188300003900202260003400241082001000275084001600285020001900301650002500320650004500345650002800390504002000418990002000438INLIS00000000000374920230118074728 a0010-01230002761 aMendidik & Membesarkan Anak Berkarakter :bSeri Spikologi Anak /cIrwan Prayitno , Prof. Dr. H0 aIrwan Prayitno , Prof. Dr. H aCet. 1,-- a146 hlm. :bilus. ;c15,5 x 23 cm. aJakarta. :bErlangga.,c2018. a155.4 a155.4 IRW m a978602684771-3 aEditor, Alwi Kosasih aKonsultan ahli, Dr. Makyun Subuki, M.Hum aDedain cover, Satrio AB aTentang penulis a15567/P/Bl/2022